Movies Quiz

Random Movies or Actor Quiz

SAG Winners, but Not Oscar Winners Quiz Stats

Quiz not verified by Sporcle

Challenge
Share
Tweet
Score 0/26 Timer 05:00
0 Plays Today
% Correct
Johnny Depp in Pirates of the Caribbean: The Curse of the Black Pearl
99.3%
Kate Winslet in Sense and Sensibility
96.9%
Eddie Murphy in Dreamgirls
96.7%
Russell Crowe in A Beautiful Mind
96.7%
Denzel Washington in Fences
96%
Daniel Day-Lewis in Gangs of New York
94.9%
Meryl Streep in Doubt
94.2%
Jodie Foster in Nell
92.9%
Ian McKellen in The Lord of the Rings: The Fellowship of the Ring
91.8%
Tommy Lee Jones in Lincoln
91.6%
Viola Davis in The Help
87.8%
Christopher Walken in Catch Me If You Can
87.6%
Renée Zellweger in Chicago
87.1%
% Correct
Judi Dench in Chocolat
86.9%
Kathy Bates in Primary Colors
85.8%
Annette Bening in American Beauty
85.6%
Robert Duvall in A Civil Action
85.6%
Ed Harris in Apollo 13
85.3%
Paul Giamatti in Cinderella Man
81.3%
Idris Elba in Beasts of No Nation
80.7%
Helen Mirren in Gosford Park
77.8%
Albert Finney in Erin Brockovich
65.6%
Gloria Stuart in Titanic
62.2%
Lauren Bacall in The Mirror Has Two Faces
62%
Ruby Dee in American Gangster
60.2%
Julie Christie in Away from Her
57.6%

You're not logged in!

Compare scores with friends on all Sporcle quizzes.
Sign Up with Email
OR
Log In

You Might Also Like...

Show Comments

Extras

Top Quizzes Today


Score Distribution

Your Account Isn't Verified!

In order to create a playlist on Sporcle, you need to verify the email address you used during registration. Go to your Sporcle Settings to finish the process.